Rekonštrukcia, revitalizácia a prestavba areálu Cvernovka, Bratislava
Na minha lista:
| Autor principal: | |
|---|---|
| Outros Autores: | |
| Formato: | Manuscrito Livro |
| Idioma: | eslovaco |
| Publicado em: |
Bratislava
2016
|
| Assuntos: | |
| Acesso em linha: | http://is.stuba.sk/zp/portal_zp.pl?podrobnosti=121599 |
| Tags: |
Sem tags, seja o primeiro a adicionar uma tag!
|
MARC
| LEADER | 00000ntm a22000003a 4500 | ||
|---|---|---|---|
| 001 | stuzp57878 | ||
| 003 | SK-STU | ||
| 005 | 20210225094929.8 | ||
| 007 | ta | ||
| 008 | 150427s2015----xo-----f-mn---000-0-slo-d | ||
| 040 | |a STU |b slo | ||
| 041 | 0 | |a slo | |
| 100 | 1 | |a Zmeškalová, Mária |u 050000 |4 aut |T FAD Fakulta architektúry |X 57897 |U A |Y 50 |7 A000057897 | |
| 242 | 0 | 1 | |a Reconstruction, revitalization and rebuilding of the Cvernovka, Bratislava |y eng |
| 245 | 1 | 0 | |a Rekonštrukcia, revitalizácia a prestavba areálu Cvernovka, Bratislava |
| 260 | |c 2016 |a Bratislava | ||
| 650 | 4 | |a Cvernovka |2 slo | |
| 650 | 4 | |a revitalizácia |2 slo | |
| 650 | 4 | |a polyfunkčný objekt |2 slo | |
| 650 | 4 | |a revitalization |2 eng | |
| 650 | 4 | |a Cvernovka |2 eng | |
| 650 | 4 | |a Polyfunctional object |2 eng | |
| 700 | 1 | |a Paňák, Pavel |u 050900 |k Z1 |4 ths |U FAD Fakulta architektúry |T FA Dekanát |X 70322 |U A0900 |Y 158 |7 A000070322 | |
| 856 | 4 | |u http://is.stuba.sk/zp/portal_zp.pl?podrobnosti=121599 |u https://opac.crzp.sk/?fn=detailBiblioForm&sid=FFEED6484134604A3D70AAB88729 | |
| SQL | |a stuzp57878 |b DDP |c SLO |d Rekonštrukcia, revitalizácia a prestavba areálu Cvernovka, Bratislava |e 57897 |f Zmeškalová, Mária |g 05 |h 70322 |i Paňák, Pavel |j 20160602 |k 153 |l 05 |m http://is.stuba.sk/zp/portal_zp.pl?podrobnosti=121599 |n I-ARCH |o 5.1.1. architektúra a urbanizmus | ||